Abraham went out : a biography of A.J. Muste /

Bibliographic Details
Main Author: Robinson, Jo Ann
Format: Book
Language:English
Published: Philadelphia : Temple University Press, 1981.
Subjects:

MARC

Tag First Indicator Second Indicator Subfields
LEADER 00000cam a22000008a 4500
001 in00000086402
005 20151008064459.0
008 810903s1981 pauc b 00110beng
010 |a  81014492  
020 |a 0877222312 
035 |a (OCoLC)07811832 
035 |9 AAK4253AM 
039 0 |a 2  |b 3  |c 3  |d 3  |e 3 
040 |a DLC  |c DLC  |d TXA  |d UtOrBLW 
049 |a TXAM  |c [1672946] 
050 0 0 |a JX1962.M8  |b R63 
082 0 |a 327.1/72/0924  |a B  |2 19 
100 1 |a Robinson, Jo Ann. 
245 1 0 |a Abraham went out :  |b a biography of A.J. Muste /  |c Jo Ann Ooiman Robinson. 
263 |a 8112 
264 1 |a Philadelphia :  |b Temple University Press,  |c 1981. 
300 |a xvii, 341 pages :  |b portrait ;  |c 24 cm. 
336 |a text  |b txt  |2 rdacontent 
337 |a unmediated  |b n  |2 rdamedia 
338 |a volume  |b nc  |2 rdacarrier 
504 |a Includes bibliographical references and index. 
600 1 0 |a Muste, A. J.  |q (Abraham John),  |d 1885-1967. 
650 0 |a Pacifists  |z United States  |v Biography. 
999 |a MARS 
999 f f |s 390a534b-e08e-3338-a7d8-994fefa38139  |i 14a190ef-7a51-30d4-92db-8b39f753ba33  |t 0 
952 f f |p normal  |a Texas A&M University  |b College Station  |c Sterling C. Evans Library  |d Evans: Library Stacks  |t 0  |e JX1962.M8 R63  |h Library of Congress classification  |i unmediated -- volume  |m A14806153060 
998 f f |a JX1962.M8 R63  |t 0  |l Evans: Library Stacks